| 000 | 00612nam a2200169Ia 4500 | ||
|---|---|---|---|
| 999 |
_c11839 _d11839 |
||
| 082 | _aRR 0257 | ||
| 100 | _aRaman, Rakesh | ||
| 245 | 0 |
_aComparative study of the socio-economic condition of small & big town urban street vendors _b: |
|
| 260 |
_c2011 _bIndian Council of Social Science Research, New Delhi |
||
| 300 | _aiii, 203 | ||
| 504 | _aincludes appendices and bibliography | ||
| 650 |
_aVendors and purchasers _zIndia |
||
| 650 |
_aStreet vendors _vSocial conditions _zIndia |
||
| 650 |
_aSocial conditions _vEconomic conditions _zIndia |
||
| 710 | _aBanaras Hindu University, Varanasi | ||
| 942 |
_cRP _2ddc |
||